000 00671nam a22002057a 4500
999 _c139618
_d139618
005 20230209152258.0
010 _aENG-118081 ENG-136185
020 _a9789386050410
_c599.00
035 _aEN-101613
035 _aEN-119717
037 _bDBAD/PUB
082 _a940.5425
100 _aSwinson, Arthur
245 _aKohima:
_cby Arthur Swinson
_bthe story of the greatest battle ever fought/
260 _aNew Delhi
_bSpeaking Tiger Publishing
_c2016
270 _a4381/4 Ansari Road Daryaganj New Delhi-2
300 _a350p.
_c23cm.(pbk)
_bB&W photos
500 _aIncludes bibliographical references and index
942 _2ddc
_cEN
_h940.5425
_mSWI